An introduction to theories of personality / (Record no. 3614)

000 -LEADER
fixed length control field 01111cam a2200289 a 4500
001 - CONTROL NUMBER
control field 1180792
003 - CONTROL NUMBER IDENTIFIER
control field Nust
005 - DATE AND TIME OF LATEST TRANSACTION
control field 20180117090010.0
008 - FIXED-LENGTH DATA ELEMENTS--GENERAL INFORMATION
fixed length control field 970512s1997 nju b 001 0 eng
010 ## - LIBRARY OF CONGRESS CONTROL NUMBER
LC control number 97021715
020 ## - INTERNATIONAL STANDARD BOOK NUMBER
International Standard Book Number 0805827196 (alk. paper)
040 ## - CATALOGING SOURCE
Original cataloging agency DLC
Transcribing agency DLC
Modifying agency DLC
050 00 - LIBRARY OF CONGRESS CALL NUMBER
Classification number BF698
Item number .E87 1998
082 00 - DEWEY DECIMAL CLASSIFICATION NUMBER
Classification number 155.2
Edition number 21
100 1# - MAIN ENTRY--PERSONAL NAME
Personal name Ewen, Robert B.,
Dates associated with a name 1940-
245 13 - TITLE STATEMENT
Title An introduction to theories of personality /
Statement of responsibility, etc. Robert B. Ewen.
250 ## - EDITION STATEMENT
Edition statement 5th ed.
260 ## - PUBLICATION, DISTRIBUTION, ETC.
Place of publication, distribution, etc. Mahwah, N.J. :
Name of publisher, distributor, etc. L. Erlbaum,
Date of publication, distribution, etc. c1998.
300 ## - PHYSICAL DESCRIPTION
Extent 598 p. ;
Dimensions 24 cm.
504 ## - BIBLIOGRAPHY, ETC. NOTE
Bibliography, etc. note Includes bibliographical references (p. 559-582) and index.
650 #0 - SUBJECT ADDED ENTRY--TOPICAL TERM
Topical term or geographic name entry element Personality.
856 42 - ELECTRONIC LOCATION AND ACCESS
Materials specified Publisher description
Uniform Resource Identifier <a href="http://www.loc.gov/catdir/enhancements/fy0745/97021715-d.html">http://www.loc.gov/catdir/enhancements/fy0745/97021715-d.html</a>
906 ## - LOCAL DATA ELEMENT F, LDF (RLIN)
a 7
b cbc
c orignew
d 1
e ocip
f 19
g y-gencatlg
942 ## - ADDED ENTRY ELEMENTS (KOHA)
Source of classification or shelving scheme
Koha item type Book
Holdings
Withdrawn status Lost status Source of classification or shelving scheme Damaged status Not for loan Collection code Permanent Location Current Location Shelving location Date acquired Total Checkouts Total Renewals Full call number Barcode Date last seen Date last checked out Price effective from Koha item type
            Central Library (CL) Central Library (CL) General Stacks 11/22/2016 2 1 155.2 EWE S3H-N-1729 10/05/2023 10/18/2019 11/22/2016 Book
            Central Library (CL) Central Library (CL)   09/21/2025     155.2 EWE S3H-N-363 09/21/2025   09/21/2025 Book
© 2023 Central Library, National University of Sciences and Technology. All Rights Reserved.